000 01174cam a2200325 i 4500
001 795361
003 NUST-PNEC
005 20170116180717.0
008 750102s1974 stka d 000 0 eng
010 _a 74190675
015 _aGB74-19989
020 _a0550132023
040 _cPNEC
050 0 0 _aQ123
_b.D53 1974
082 0 0 _a503 COL
100 _9741
_aCollocott, T.C.
245 0 0 _aDictionary of science and technology.
250 _aRevised ed. /
_bEditors, T. C. Collocott, A. B. Dobson.
260 _aEdinburgh :
_bW. and R. Chambers,
_c1974.
300 _axvi, 1328 p. :
_bill. ;
_c22 cm.
500 _ahttp://www.amazon.com/Chambers-Dictionary-Science-Technology-Collocott/dp/0550132023/ref=sr_1_1?s=books&ie=UTF8&qid=1413949968&sr=1-1&keywords=0550132023
500 _aSpine title: Chambers dictionary of science and technology.
650 0 _aScience
_xDictionaries.
_xGeneral
650 0 _aTechnology
_xDictionaries.
700 1 _aCollocott, T. C.,
_eed.
700 1 _aDobson, A. B.
_q(Alan Binaloss),
_eed.
740 _aChambers dictionary of science and technology.
906 _a7
_bcbc
_corignew
_d3
_encip
_f19
_gy-gencatlg
942 _2ddc
_cBK
999 _c61226
_d61226